<?xml version="1.0" encoding="UTF-8"?>
<record
    xmlns:xsi="http://www.w3.org/2001/XMLSchema-instance"
    xsi:schemaLocation="http://www.loc.gov/MARC21/slim http://www.loc.gov/standards/marcxml/schema/MARC21slim.xsd"
    xmlns="http://www.loc.gov/MARC21/slim">

  <leader>02894nab a2200289uuc4500</leader>
  <controlfield tag="001">1385702</controlfield>
  <controlfield tag="005">20251210101038.0</controlfield>
  <controlfield tag="008">140917e20130305                    spa  </controlfield>
  <datafield tag="035" ind1=" " ind2=" ">
    <subfield code="a">1385702</subfield>
  </datafield>
  <datafield tag="040" ind1=" " ind2=" ">
    <subfield code="c">comduadb</subfield>
  </datafield>
  <datafield tag="041" ind1=" " ind2=" ">
    <subfield code="a">spa</subfield>
  </datafield>
  <datafield tag="100" ind1="1" ind2="0">
    <subfield code="a">D&#xED;az Merch&#xE1;n, Cristian C.</subfield>
    <subfield code="4">aut</subfield>
    <subfield code="e">aut</subfield>
    <subfield code="9">701686</subfield>
  </datafield>
  <datafield tag="245" ind1="1" ind2="0">
    <subfield code="a">Cuantificaci&#xF3;n de hidrocarburos polic&#xED;clicos arom&#xE1;ticos urinarios en polic&#xED;as de tr&#xE1;nsito del &#xE1;rea metropolitana de Bogot&#xE1;</subfield>
  </datafield>
  <datafield tag="520" ind1="3" ind2=" ">
    <subfield code="a">Objetivos Cuantificar niveles urinarios de 1-hidroxipireno (1-OHP) y 3-hidroxibenzo [a] pireno (3-BAP) metabolitos de hidrocarburos polic&#xED;clicos arom&#xE1;ticos (HAP) de inter&#xE9;s toxicol&#xF3;gico y relacionar su detecci&#xF3;n con el grado de exposici&#xF3;n a material particulado de tama&#xF1;o menor a 10 micras (PM10) u otros factores, en una poblaci&#xF3;n de Polic&#xED;as de Tr&#xE1;nsito ocupacionalmente expuestos en el &#xE1;rea metropolitana de Bogot&#xE1; D.C. M&#xE9;todos Se realiz&#xF3; un estudio de corte transversal en 524 Polic&#xED;as de Tr&#xE1;nsito de los cuales 413 desarrollaban funciones operativas y 111 administrativas. Se tomaron muestras de orina de todos los individuos incluidos, para la determinaci&#xF3;n de metabolitos de HAP mediante cromatograf&#xED;a de gases con detecci&#xF3;n de masas. Se analiz&#xF3; la presencia de factores asociados con la detecci&#xF3;n de los metabolitos como tabaquismo, consumo de alimentos asados, lugar de residencia y exposici&#xF3;n a PM10. Como medida de asociaci&#xF3;n se calcularon Odds Ratio (OR). Resultados Se encontraron niveles de 1-OHP y 3-BAP superiores en los individuos expuestos con OR significativos para detecci&#xF3;n de los metabolitos de 6,3 (IC 95% (3,6-11,1)) y 15,6 (IC 95% (6,2-39)), respectivamente. Se hallaron OR significativos para detecci&#xF3;n de metabolitos de HAP y exposici&#xF3;n a PM10, tabaquismo y consumo de alimentos asados. Discusi&#xF3;n Existe una asociaci&#xF3;n importante y significativa entre la exposici&#xF3;n laboral a contaminaci&#xF3;n ambiental y la detecci&#xF3;n de metabolitos de HAP de importancia toxicol&#xF3;gica en muestras de orina. Factores tales como tabaquismo, consumo de alimentos asados recientemente y exposici&#xF3;n a PM10 tambi&#xE9;n se encontraron asociados positivamente con la detecci&#xF3;n de dichos metabolitos pero en menor proporci&#xF3;n.</subfield>
  </datafield>
  <datafield tag="650" ind1=" " ind2=" ">
    <subfield code="a">Hidrocarburos arom&#xE1;ticos polic&#xED;clicos</subfield>
    <subfield code="9">58362</subfield>
  </datafield>
  <datafield tag="650" ind1=" " ind2=" ">
    <subfield code="a">Agentes de tr&#xE1;nsito</subfield>
    <subfield code="9">26310</subfield>
  </datafield>
  <datafield tag="650" ind1=" " ind2="7">
    <subfield code="a">Exposici&#xF3;n a riesgos ambientales</subfield>
    <subfield code="2">dcs</subfield>
    <subfield code="9">175197</subfield>
  </datafield>
  <datafield tag="650" ind1=" " ind2="7">
    <subfield code="a">Salud ocupacional</subfield>
    <subfield code="2">lemb</subfield>
    <subfield code="9">37677</subfield>
  </datafield>
  <datafield tag="650" ind1=" " ind2=" ">
    <subfield code="a">Biomarcadores</subfield>
    <subfield code="9">34426</subfield>
  </datafield>
  <datafield tag="650" ind1=" " ind2="7">
    <subfield code="a">Contaminaci&#xF3;n</subfield>
    <subfield code="2">lemb</subfield>
    <subfield code="9">58641</subfield>
  </datafield>
  <datafield tag="700" ind1="1" ind2="0">
    <subfield code="a">Urrego Novoa, Jos&#xE9; R.</subfield>
    <subfield code="4">aut</subfield>
    <subfield code="e">aut</subfield>
    <subfield code="9">425552</subfield>
  </datafield>
  <datafield tag="700" ind1="1" ind2="0">
    <subfield code="a">Rojas Roa, N&#xE9;stor Yezid</subfield>
    <subfield code="4">aut</subfield>
    <subfield code="e">aut</subfield>
    <subfield code="9">456423</subfield>
  </datafield>
  <datafield tag="700" ind1="1" ind2="0">
    <subfield code="a">Rodr&#xED;guez Pulido, Alba I.</subfield>
    <subfield code="4">aut</subfield>
    <subfield code="e">aut</subfield>
    <subfield code="9">716852</subfield>
  </datafield>
  <datafield tag="700" ind1="1" ind2="0">
    <subfield code="a">Prieto Su&#xE1;rez, Edgar</subfield>
    <subfield code="4">aut</subfield>
    <subfield code="e">aut</subfield>
    <subfield code="9">715865</subfield>
  </datafield>
  <datafield tag="773" ind1="0" ind2=" ">
    <subfield code="t">Revista de Salud P&#xFA;blica (Bogot&#xE1;)</subfield>
    <subfield code="g">Volumen 15, N&#xFA;mero 02, Marzo-Abril 2013, p. 237-246</subfield>
    <subfield code="w">602698</subfield>
    <subfield code="x">0124-0064</subfield>
    <subfield code="0">156183</subfield>
  </datafield>
  <datafield tag="942" ind1=" " ind2=" ">
    <subfield code="c">ARIMP</subfield>
  </datafield>
  <datafield tag="999" ind1=" " ind2=" ">
    <subfield code="c">697553</subfield>
    <subfield code="d">697553</subfield>
  </datafield>
</record>
